00797nam a2200265 a 4500001001300000003000900013005001700022008004100039020002300080082002000103100002600123245004000149260004400189300000900233500003500242505001000277650002000287650002100307650002400328700002600352902000800378942000700386952012100393999001700514nice12345678IN_TiNIC20260116013613.0050524s1993 lona grp 000 0 eng  a0194882 c10000a954.092072bFIN aFindly, Ellison Banks aNur Jahanb Empress of Mughal India aLondan bOxford University Press c1993 a407p aincludes index and biblioraphy2 aIndex aWomen-Biography aMughal Biography aNur Jahan-Biography1 aFindly, Ellison Banks bSRS cBK 001040708StackRoom-aHMIbHMId2007-08-01g100.00l0o954.092072 FINp015477r2007-08-01v100.00w2005-05-24yBK c11630d11630